TB. OF REHABILITATION (Record no. 16972)

MARC details
000 -LEADER
fixed length control field 00305nam a22001457a 4500
003 - CONTROL NUMBER IDENTIFIER
control field SGT
020 ## - INTERNATIONAL STANDARD BOOK NUMBER
International Standard Book Number 978-81-8448-711-4
082 ## - DEWEY DECIMAL CLASSIFICATION NUMBER
Classification number 615.8
Item number R10S
100 ## - MAIN ENTRY--PERSONAL NAME
Personal name SUNDER, S.
245 ## - TITLE STATEMENT
Title TB. OF REHABILITATION
250 ## - EDITION STATEMENT
Edition statement 3RD
260 ## - PUBLICATION, DISTRIBUTION, ETC. (IMPRINT)
Place of publication, distribution, etc INDIA
Name of publisher, distributor, etc JAYPEE
Year of Publication 2010
300 ## - PAGE DESCRIPTION
No. of Pages 540
942 ## - ADDED ENTRY ELEMENTS (KOHA)
Source of classification or shelving scheme Dewey Decimal Classification
Koha item type Books
942 ## - ADDED ENTRY ELEMENTS (KOHA)
-- 155
Holdings
Withdrawn status Lost status Source of classification or shelving scheme Damaged status Not for loan Collection code Home library Current library Shelving location Date acquired Vendor Name Cost, normal purchase price SGTU Bill Number Total Checkouts Full call number Accession No. (Barcode) Date last seen Date last borrowed Bill Date Koha item type Total Renewals
    Dewey Decimal Classification     MEDICAL SGT Medical Library SGT Medical Library Text Book 22/02/2019 ABC DELHI 625.00 SGTU 10441 33 615.8 R10S FM11143 10/05/2025 30/04/2025 20/12/2018 Books  
    Dewey Decimal Classification     MEDICAL SGT Medical Library SGT Medical Library Text Book 22/02/2019 ABC DELHI 625.00 SGTU 10441 28 615.8 R10S FM11144 05/11/2024 22/10/2024 20/12/2018 Books  
    Dewey Decimal Classification     MEDICAL SGT Medical Library SGT Medical Library Text Book 22/02/2019 ABC DELHI 625.00 SGTU 10441 26 615.8 R10S FM11145 11/12/2024 25/11/2024 20/12/2018 Books  
    Dewey Decimal Classification     MEDICAL SGT Medical Library SGT Medical Library Text Book 22/02/2019 ABC DELHI 625.00 SGTU 10441 20 615.8 R10S FM11146 03/10/2024 21/09/2024 20/12/2018 Books  
    Dewey Decimal Classification     MEDICAL SGT Medical Library SGT Medical Library Text Book 22/02/2019 ABC DELHI 625.00 SGTU 10441 4 615.8 R10S FM11147 26/04/2023 17/04/2023 20/12/2018 Books  
    Dewey Decimal Classification     MEDICAL SGT Medical Library SGT Medical Library Text Book 22/02/2019 ABC DELHI 625.00 SGTU 10441 21 615.8 R10S FM11148 24/06/2025 23/05/2025 20/12/2018 Books  
    Dewey Decimal Classification     MEDICAL SGT Medical Library SGT Medical Library Text Book 22/02/2019 ABC DELHI 625.00 SGTU 10441 21 615.8 R10S FM11149 16/10/2024 03/10/2024 20/12/2018 Books  
    Dewey Decimal Classification     MEDICAL SGT Medical Library SGT Medical Library Text Book 22/02/2019 ABC DELHI 625.00 SGTU 10441 32 615.8 R10S FM11150 15/06/2024 08/06/2024 20/12/2018 Books 1